Central Library OPAC University of Rajshahi

Readings in social psychology / (Record no. 1569)

MARC details
000 -LEADER
fixed length control field 01172nam a2200277 a 4500
001 - CONTROL NUMBER
control field 1569
003 - CONTROL NUMBER IDENTIFIER
rucl marc code BD-RjUL
005 - DATE AND TIME OF LATEST TRANSACTION
control field 20211208233348.0
008 - FIXED-LENGTH DATA ELEMENTS--GENERAL INFORMATION
fixed length control field 131208s1958 nyua 001 0 eng
035 ## - SYSTEM CONTROL NUMBER
System control number (BD-RjUL)1594
040 ## - CATALOGING SOURCE
Original cataloging agency LC
Language of cataloging eng
Transcribing agency LC
Modifying agency SSL
-- BD-RjUL
041 ## - LANGUAGE CODE
Language code of text/sound track or separate title eng
082 ## - DEWEY DECIMAL CLASSIFICATION NUMBER
Classification number 302
Edition number 23
Author mark and year REA
245 00 - TITLE STATEMENT
Title Readings in social psychology /
Statement of responsibility, etc. Editorial Committee: Eleanor E. Maccoby, Theodore M. Newcomb, E. L. Hartley ; Prepared for the Committee on the Teaching of Social Psychology of the Society for the Psychological Study of Social Issues
250 ## - EDITION STATEMENT
Edition statement 3rd ed.
260 ## - PUBLICATION, DISTRIBUTION, ETC. (IMPRINT)
Place of publication, distribution, etc. New York :
Name of publisher, distributor, etc. Holt, Rinehart and Winston, Inc. ,
Date of publication, distribution, etc. 1958.
300 ## - PHYSICAL DESCRIPTION
Pagination 674 p. :
Illustrations illus. ;
Size 24 cm.
650 #0 - SUBJECT ADDED ENTRY--TOPICAL TERM
Topical term or geographic name as entry element Social psychology.
9 (RLIN) 5087
700 1# - ADDED ENTRY--PERSONAL NAME
Personal name Maccoby, Eleanor E.
Fuller form of name (Eleanor Emmons),
Dates associated with a name 1917- , ed.
Personal name Newcomb, Theodore M.
Fuller form of name (Theodore Mead),
Dates associated with a name 1903-1984 , jt. ed.
Personal name Hartley, E. L.
Fuller form of name (Eugene Leonard),
Dates associated with a name 1912- , jt. ed.
710 2# - ADDED ENTRY--CORPORATE NAME
Corporate name or jurisdiction name as entry element Society for the Psychological Study of Social Issues.
Subordinate unit Committee on the Teaching of Social Psychology.
9 (RLIN) 5188
942 ## - ADDED ENTRY ELEMENTS (KOHA)
Source of classification or shelving scheme Dewey Decimal Classification
Koha item type Books
Holdings
Lost status Source of classification or shelving scheme Damaged status Not for loan Collection code Permanent Location Current Location Shelving location Date acquired Source of acquisition Cost, normal purchase price Total Checkouts Full call number Date last seen Copy number Koha item type
  Dewey Decimal Classification     Non-fiction Central Library, University of Rajshahi Central Library, University of Rajshahi   20/01/1965 zeitlinger 54.00   302 REA 1958 08/12/2013 C-8 Books
  Dewey Decimal Classification     Non-fiction Central Library, University of Rajshahi Central Library, University of Rajshahi   20/01/1965 Zeitlinger 59.00   302 REA 1958 07/05/2014 C-9 Books
  Dewey Decimal Classification     Non-fiction Central Library, University of Rajshahi Central Library, University of Rajshahi   09/08/1973 Mitali Prakasani 96.00   302 REA 1966 10/05/2014 C-10 Books
  Dewey Decimal Classification     Non-fiction Central Library, University of Rajshahi Central Library, University of Rajshahi   15/04/1964 Zetlinger 54.00   302 REA 1958 14/05/2014 C-7 Books
  Dewey Decimal Classification     Non-fiction Central Library, University of Rajshahi Central Library, University of Rajshahi   20/01/1965 Zeitlinger 54.00   302 REA 1958 15/05/2014 C-3 Books
  Dewey Decimal Classification     Non-fiction Central Library, University of Rajshahi Central Library, University of Rajshahi   20/01/1965 Zeitlinger 54.00   302 REA 1958 15/05/2014 C-4 Books
  Dewey Decimal Classification     Non-fiction Central Library, University of Rajshahi Central Library, University of Rajshahi   20/01/1965 Zeitlinger 54.00   302 REA 1958 15/05/2014 C-5 Books
  Dewey Decimal Classification     Non-fiction Central Library, University of Rajshahi Central Library, University of Rajshahi   20/01/1965 Zeitlinger 54.00   302 REA 1958 15/05/2014 C-2 Books
  Dewey Decimal Classification     Non-fiction Central Library, University of Rajshahi Central Library, University of Rajshahi   20/01/1965 Zeitlinger 54.00   302 REA 1958 17/05/2014 C-6 Books
  Dewey Decimal Classification   Not For Loan Non-fiction Central Library, University of Rajshahi Central Library, University of Rajshahi Reading Room 20/01/1964 Zeitlinger 54.00   302 REA 1958 22/06/2014 C-1 Books